Дело о предоставлении баронам Сергею и Александру Николаевичам Истровым капиталов и процентов с капиталов, назначенных по завеща...

Доступно только в Электронных читальных залах Найти на картеНа карте
RUSMARC
00003764nmc2a22002413x 450
001ea3e69fe-6fd6-4609-8409-5d99de21d2c6
00520230909120858.0
100##$a20230512l18251825k l0rusy0189 ca
1010#$arus
102##$aRU
105##$ay###
1222#$ad
2001#$aДело о предоставлении баронам Сергею и Александру Николаевичам Истровым капиталов и процентов с капиталов, назначенных по завещанию Н.П. Шереметева их умершему брату Николаю Истрову
$j20 марта - 18 декабря 1825 г.
215##$a10 л.
$d36,5х26 см
251##$cДело
300##$a"Воспитанники" (внебрачные дети) графа Н.П. Шереметева. Истровы, бароны
371##$aДокумент не является опубликованным и широко распространяемым
461#0$100198b93a77-94f0-46bb-a7e0-b5027cc72a67
$12001
$aШереметевы, графы
$1251
$cФонд
$1852
$j1088
462#0$1001d3ce280e-361b-49f4-86d2-e1a120f828b4
$12001
$aЛичные документы, переписка и документы, связанные со служебной и общественной деятельностью графов Бориса Петровича, Петра Борисовича, Николая Петровича и Дмитрия Шереметевых
$1251
$cОпись
$1852
$j1
801#0$aRU
$bРГИА
$c20230512
$gRCR
801#1$aRU
$bГлавНИВЦ
$c20230512
$2rusmarc
801#2$aRU
$bПБ им. Б.Н. Ельцина
$c20230909
$gRCR
$2rusmarc
850##$aРГИА
852##$aРГИА
$eФедеральное казенное учреждение "Российский государственный исторический архив" (РГИА)
$j778
937##$hРГИА
$d12399788
$aASBIBLIO_SCAN
035##$aRusGRCC00060284
856##$uhttp://readingroom.main.prlib.ru/item.aspx?id_node=n187467421&mode=full
Формат отображения